Scosse in classe : percorsi trasversali tra il nido e la scuola secondaria per educare alle relazioni /

Guardat en:
Dades bibliogràfiques
Autor corporatiu: S.Co.S.S.E
Altres autors: Fierli, Elena (Editor), Gennari, Sabrina (Illustrador), Marini, Sara, (1981- ) (Editor)
Format: Llibre
Idioma:italià
Publicat: Cagli : Settenove, 2021
Matèries:
Etiquetes: Afegir etiqueta
Sense etiquetes, Sigues el primer a etiquetar aquest registre!

MARC

LEADER 00000nam a22000007i 4500
001 IT\ICCU\RL1\0063461
003 ItRI
005 20260115232208.0
008 210303s2021 it |||||| ||||| |||||c
020 |a 9788898947614 
040 |b ita  |c importazione bologna sebina 
041 7 |a ita  |2 ISO-639-2 
082 |a 370.153  |9 PSICOLOGIA EDUCATIVA. Personalità ed emozioni  |2 22 
130 0 |a Scosse in classe  |3 IT\ICCU\UBO\4543243 
245 0 0 |a Scosse in classe :  |b percorsi trasversali tra il nido e la scuola secondaria per educare alle relazioni /  |c [curatrici: Elena Fierli e Sara Marini ; redazione testi di Giovanna Bruno ... [et al.] ; illustrazioni di Sabrina Gennari]. 
260 |a Cagli :  |b Settenove,  |c 2021 
300 |a 71 p. :  |b ill. ;  |c 26 cm 
500 |a In testa al frontespizio: Scosse 
500 |a Responsabilità di tipo 3 dal verso del frontespizio 
650 7 |a Didattica  |x Manuali  |2 scbi 
700 1 |a Fierli, Elena  |0 IT\ICCU\MODV\659545  |4 edt 
700 1 |a Gennari, Sabrina  |0 IT\ICCU\RAVV\694632  |4 ill 
700 1 |a Marini, Sara,  |d  (1981- )  |0 IT\ICCU\SBNV\092280  |4 edt 
710 2 |a S.Co.S.S.E.  |0 IT\ICCU\MODV\674505 
791 2 |a Scosse  |3 IT\ICCU\MODV\674507  |z S.Co.S.S.E. 
791 2 |a Soluzioni Comunicative Studi Servizi Editoriali  |3 IT\ICCU\MODV\674506  |z S.Co.S.S.E. 
942 |2 ddc  |c BK  |n 0 
952 |0 0  |1 0  |4 0  |6 DOC_371_102000000000000_GEN  |7 0  |9 21743  |a BO  |b BO  |d 2026-01-15  |i 19382  |l 0  |o DOC 371.102 GEN  |p BO19382  |r 2026-01-15 23:22:08  |w 2026-01-15  |x [Sebina 5] [1 v.]  |y BK  |z 1 v. 
999 |c 18576  |d 18576